000 00409nam a2200145Ia 4500
008 100122s9999 xx 000 0 und d
082 _b44900
_a823
100 _aकाळे वैजयंती
245 _aखानदान
260 _bराजेंद्र पब्लिकेशन
_c1990
300 _a260
630 _aखानदान
730 _aखानदान
942 _cBOOK
999 _c424559
_d424556